000 00743nam a2200265Ia 4500
003 OSt
005 20221007110322.0
006 a|||||r|||| 00| 0
007 ta
008 221006b |||||||| |||| 00| 0 eng d
020 _a0379002922
024 _a20,877
037 _cTextual
040 _aLCO
_cLCO
_beng
041 _2eng
_aeng
082 _aZ1, L5
100 _aRuddy Francis Stephen
_9707370
245 0 _aInternational Law in the Enlightenment
260 _aNew
_bYork Oceana Publications U.S.A.
_c1975
300 _a364
500 _aThe Background of Emmerich de Vattel's Le Droit des Gens
650 _aINTERNATIONAL LAW
942 _hZ1, L5
_cTEXL
999 _c1190440
_d1190440